| 000 | 00000nas 2200000za 4500 |
| 001 | 9.849442 |
| 003 | CaOODSP |
| 005 | 20221107153921 |
| 007 | cr ||||||||||| |
| 008 | 180101d19671971oncmr p oss f000#a0eng|d |
| 040 | |aCaOODSP|beng |
| 043 | |an-cn--- |
| 086 | 1 |aCS66-002E-PDF |
| 245 | 00|aNon-resident vehicles entering Canada |h[electronic resource]. |
| 260 | |aOttawa : |bDominion Bureau of Statistics, |c1967-1972. |
| 310 | |aMonthly |
| 362 | 0 |aVol. 20, no. 3 (Mar. 1967)-v. 24, no. 12 (Dec. 1971). |
| 500 | |aDigitized edition from print [produced by Statistics Canada]. |
| 500 | |aPreliminary to the quarterly report Travel between Canada and other countries (cat. no. CS66-001). |
| 520 | |aSummary of numbers of travellers between Canada and other countries and selected categories of non-residents (mainly one of more nights traffic) by province of entry. |
| 550 | |aIssued by Balance of Payments and Financial Flows Division, International Travel Section. |
| 692 | 07|2gccst|aTravel |
| 692 | 07|2gccst|aTransport |
| 710 | 1 |aCanada. |bDominion Bureau of Statistics. |bInternational Travel Section. |
| 780 | 00|tVolume of highway traffic entering Canada on travellers' vehicle permits |w(CaOODSP)9.809406 |
| 785 | 00|tUnited States vehicles entering Canada |w(CaOODSP)9.849443 |